Πέρα από τα όρια : η αντεγκληματική πολιτική σήμερα

Αποθηκεύτηκε σε:
Λεπτομέρειες βιβλιογραφικής εγγραφής
Κύριος συγγραφέας: Βιδάλη, Σοφία
Μορφή: Βιβλίο
Γλώσσα:Greek
Δημοσίευση: Αθήνα : Νομική Βιβλιοθήκη, 2017.
Θέματα:
Ετικέτες: Προσθήκη ετικέτας
Δεν υπάρχουν, Καταχωρήστε ετικέτα πρώτοι!

MARC

LEADER 00000nam a2200000 a 4500
001 1/114672
008 170822s2017####gr | ||| |||| ||gre||
020 |a 9789605626112  
040 |a GR-MyUa  |b gre  |c GR-MyUa  |e AACR2 
041 0 |a gre 
082 7 |a 345.009495   |2 (23) 
100 1 |a Βιδάλη, Σοφία. 
245 1 0 |a Πέρα από τα όρια :   |b η αντεγκληματική πολιτική σήμερα /   |c Σοφία Βιδάλη.  
260 |a Αθήνα :   |b Νομική Βιβλιοθήκη,   |c 2017.  
300 |a 327 σ. ;   |c 24 εκ.  
504 |a Περιλαμβάνει ευρετήριο.  
650 0 |a Criminal law  |z Greece. 
650 0 |a Criminal justice, Administration of  |z Greece. 
650 0 |a Public law  |z Greece. 
650 0 |a Crime  |z Greece. 
852 |a INST  |b LESVOS  |c EUDOXUS  |e 20170822  |h 345.009495 ΒΙΔ  |p 005100059739  |q 005100059739  |t EDX  |y 0 
920 |a Εύδοξος  |b Παραγγελία  |y Λέσβος-ΤΚ  |z 2017-05 
970 |a Τζαφέρη  |b Ευαγγελία  |z 22-08-2017